Graduating from the school of hard-knocks in 31 days : what the schools, colleges institutes and universities never teach you?

Bibliographic Details
Main Author: Tan, Andrew A. L
Format: Book
Published: Selangor : Venton Publishing (M) , 2006
Subjects:

MARC

LEADER 00000cam a2200000 7i4500
001 0000012476
005 20080325.0
008 071218
020 |a 9832661854 
090 0 0 |a 658.404   |b TAN 
100 1 |a Tan, Andrew A. L 
245 1 0 |a Graduating from the school of hard-knocks in 31 days :   |b what the schools, colleges institutes and universities never teach you?   |c Andrew A. L Tan 
246 0 |a Graduating from the school of hard-knocks in thirty one days 
260 |a Selangor :   |b Venton Publishing (M) ,   |c 2006 
650 0 |a Business communication 
650 0 |a English fiction 
650 0 |a Industrial management 
650 0 |a Leadership 
740 0 |a Graduating from the school of hard-knocks in thirty one days 
999 |a 0001011183   |b Book   |c Adult Collection   |e Perbadanan Perpustakaan Awam Johor 
999 |a 0001011184   |b Book   |c Adult Collection   |e Perbadanan Perpustakaan Awam Johor 
999 |a 0001011979   |b Book   |c Adult Collection   |e Cawangan Bandar Tenggara 
999 |a 0001012070   |b Book   |c Adult Collection   |e Cawangan Urban Transformation Centre 
999 |a 0001014902   |b Book   |c Adult Collection   |e Cawangan Tangkak